|
|
|
|
| LEADER |
00000nab a2200000 a 4500 |
| 001 |
vtls010087319 |
| 003 |
SK-MaSNL |
| 005 |
20260304214246.0 |
| 008 |
140512c2010 xo mr|p||||||||00 ||slo |
| 015 |
|
|
|a SNBRB2010/04
|2 snkbucl
|
| 038 |
|
|
|a SNKBUCL
|
| 040 |
|
|
|a SNKBUCL
|b slo
|e AACR2
|c SNKBUCL
|
| 041 |
0 |
|
|a slo
|
| 044 |
|
|
|a xo
|c SK
|
| 080 |
|
|
|a 904:728.81
|x (437.6)
|2 2001
|
| 080 |
|
|
|a 728.81
|x (437.6)
|2 2001
|
| 100 |
1 |
|
|a Štubňa, Ján,
|d 1982-
|4 aut
|9 217797
|
| 245 |
1 |
0 |
|a Kráľovská svadba vo Zvolene?
|b skrývajú sa pod základmi Zvolenského zámku pozostatky významného sídla uhorských kráľov?
|c Ján Štubňa
|
| 610 |
2 |
7 |
|a Zvolenský zámok
|2 snkbucl
|9 231245
|
| 650 |
0 |
7 |
|a hrady
|2 snkbucl
|9 3039
|
| 651 |
|
7 |
|a Zvolen (Slovensko)
|2 snkbucl
|9 14595
|
| 655 |
|
7 |
|a informatívne články
|2 snkbucl
|9 131959
|
| 773 |
0 |
|
|t Kultúra
|g Roč. XIII, č. 7 (2010), s. 11
|x 1335-3470
|
| 852 |
|
|
|a SNK
|b KIS3GCP
|
| 856 |
4 |
1 |
|u http://www.kultura-fb.sk/new/old/archive/pdf/kult0710.pdf
|
| 999 |
|
|
|c 3140362
|d 3142292
|